Arquivos de ciências do mar. (Registro nro. 17263)
[ vista simple ]
| 000 -CABECERA | |
|---|---|
| Campo de control | 01334cas a2200313 4500 |
| 005 - FECHA Y HORA DE LA ULTIMA TRANSACCION | |
| Campo de control | 20180803170122.0 |
| 008 - ELEMENTOS DE LONGITUD FIJA—INFORMACION GENERAL | |
| Campo de control | 781013c19699999bl fr p 0 b0porrc |
| 022 ## - ISSN | |
| ISSN | 0374-5686 |
| 040 ## - FUENTE DE CATALOGACIÓN | |
| Agencia catalogadora original | TXA |
| Agencia transcriptora | TXA |
| Agencia Modificadora | HUL |
| -- | DLC |
| -- | OCL |
| -- | NSD |
| -- | NST |
| -- | BSS |
| -- | SYS |
| -- | OCL |
| -- | OCLCQ |
| -- | NLGGC |
| -- | DLC |
| -- | OCLCQ |
| -- | HEBIS |
| -- | GBVCP |
| -- | UKMGB |
| -- | DLC |
| -- | OCLCQ |
| -- | OCLCF |
| -- | OCLCO |
| -- | IXA |
| -- | OCLCO |
| -- | CO-BoIAVH |
| 041 0# - IDIOMA | |
| Código de idioma para texto/pista de sonido o título separado | Inglés |
| -- | Portugués |
| 044 ## - PAÍS DE PUBLICACIÓN | |
| País de publicación | Brasil |
| 090 ## - CLASIFICACIÓN LOCAL | |
| Colección | SE |
| 245 00 - MENCION DE TITULO | |
| Título | Arquivos de ciências do mar. |
| 260 ## - PUBLICACION, DISTRIBUCION, ETC. (PIE DE IMPRENTA) | |
| Lugar de publicación, distribución, etc. | Fortaleza (Brasil) : |
| Nombre del editor, distribuidor, etc. | Universidade Federal do Ceará, |
| Fecha de publicación, distribución, etc. | 1969-. |
| 300 ## - DESCRIPCION FISICA | |
| Otros detalles físicos | ilustraciones ; |
| Dimensiones | 29 x 21 cm |
| 310 ## - FRECUENCIA ACTUAL DE LA PUBLICACIÓN | |
| Date of current publication frequency | 2007- |
| Frecuencia actual de la publicación | Semestral |
| 321 ## - FRECUENCIA ANTERIOR DELA PUBLICACIÓN | |
| Frecuencia anterior de la publicación | Anual |
| Former publication frequency | 1998-2006 |
| 321 ## - FRECUENCIA ANTERIOR DELA PUBLICACIÓN | |
| Frecuencia anterior de la publicación | Semestral |
| Former publication frequency | 1997 |
| 650 26 - ASIENTO SECUNDARIO DE MATERIA - TERMINO TEMATICO | |
| Término temático o nombre geográfico como elemento de entrada | Biología marina |
| Subdivisión de forma | Publicaciones periódicas |
| 9 (RLIN) | 81209 |
| 650 26 - ASIENTO SECUNDARIO DE MATERIA - TERMINO TEMATICO | |
| Término temático o nombre geográfico como elemento de entrada | Biología marina |
| Subdivisión geográfica | Brasil |
| Subdivisión de forma | Publicaciones periódicas |
| 9 (RLIN) | 81210 |
| 650 26 - ASIENTO SECUNDARIO DE MATERIA - TERMINO TEMATICO | |
| Término temático o nombre geográfico como elemento de entrada | Peces |
| Subdivisión de forma | Publicaciones periódicas |
| 9 (RLIN) | 81211 |
| 650 26 - ASIENTO SECUNDARIO DE MATERIA - TERMINO TEMATICO | |
| Término temático o nombre geográfico como elemento de entrada | Peces |
| Subdivisión geográfica | Brasil |
| Subdivisión de forma | Publicaciones periódicas |
| 9 (RLIN) | 81212 |
| 650 26 - ASIENTO SECUNDARIO DE MATERIA - TERMINO TEMATICO | |
| Término temático o nombre geográfico como elemento de entrada | Recursos pesqueros |
| Subdivisión geográfica | Brasil |
| Subdivisión de forma | Publicaciones periódicas |
| 9 (RLIN) | 81213 |
| 650 26 - ASIENTO SECUNDARIO DE MATERIA - TERMINO TEMATICO | |
| Término temático o nombre geográfico como elemento de entrada | Oceanografía |
| 9 (RLIN) | 95277 |
| 710 2# - ASIENTO SECUNDARIO - NOMBRE CORPORATIVO | |
| Nombre corporativo o de jurisdicción como elemento de entrada | Universidade Federal do Ceará |
| Unidad subordinada | Laboratório de Ciências do Mar |
| 9 (RLIN) | 81215 |
| 776 08 - ADDITIONAL PHYSICAL FORM ENTRY | |
| Display text | Online version: |
| Title | Arquivos de ciências do mar |
| Record control number | (DLC) 2016240177 |
| -- | (OCoLC)656166372 |
| 780 00 - ASIENTO DEL TITULO ANTERIOR | |
| Title | Arquivos da Estação de Biologia Marinha da Universidade Federal do Ceará |
| Record control number | (OCoLC)5437128 |
| 942 ## - ELEMENTOS ADICIONALES (KOHA) | |
| Sistema de clasificación | Library of Congress Classification |
| Tipo de ítem | Periodica o revista |
| Withdrawn status | Lost status | Sistema de Clasificación | Damaged status | No para préstamo | Colección | Fecha publicación (Año) | Volumen revista | Inventariado | Ubicación Permanente | Ubicación actual | Fecha de adquisición | Precio | Datos de publicación Seriada | Total Checkouts | Número topográfico | Inventario / Código de Barras | Date last seen | Ejemplar | Price effective from | Forma de adquisición | Tipo de material |
|---|---|---|---|---|---|---|---|---|---|---|---|---|---|---|---|---|---|---|---|---|---|
| Local | Hemeroteca | 2001 | 34 | Inventariado 2017 | Bogotá | Bogotá | 25/08/2004 | 10.00 | Volumen 34 (01/12/2001) | SE | 016593 | 25/03/2015 | Ej. 1 | 25/03/2015 | Donación | Periodica o revista | |||||
| Local | Hemeroteca | 2002 | 35 | Inventariado 2017 | Bogotá | Bogotá | 25/08/2004 | 10.00 | Volumen 35 (01/12/2002) | SE | 016594 | 25/03/2015 | Ej. 1 | 25/03/2015 | Donación | Periodica o revista |